000 00304nam a22001337a 4500
008 170407b xxu||||| |||| 00| 0 eng d
020 _a9780781735094
041 _aeng
080 _23ED
_a611.018
100 _a9
101 _aSHM
245 _aCOLOR ATLASOF HISTOLOGY
_cGARTNER.L.O
942 _2udc
_cBK
999 _c10065
_d10065